000 00566nam a2200193Ia 4500
003 GCL
005 20240530104231.0
008 140319s9999 xx 000 0 ara d
040 _aGCL /
_cGCL
082 0 4 _a659.2
_bع ع
100 1 _aعادل حسن
245 1 0 _aالعلاقات العامة /
_cعادل حسن
260 _aبيروت :
_bدار النهضة العربية ،
_c1984
300 _a215 ص؛
_c24 سم
650 0 4 _aالعلاقات العامة
650 0 4 _aالراى العام
650 0 4 _aوسائل الاتصال
942 _2ddc
_cBK
999 _c45696
_d45696